Normal view
MARC view
- Muhammad Sheraz Anjum
Entry Personal Name
001 - CONTROL NUMBER
- control field: 27213
003 - CONTROL NUMBER IDENTIFIER
- control field: NUST
005 - DATE AND TIME OF LATEST TRANSACTION
- control field: 20191229162512.0
008 - FIXED-LENGTH DATA ELEMENTS
- fixed length control field: 191229|| aca||aabn | a|a d
040 ## - CATALOGING SOURCE
- Original cataloging agency: NUST
- Transcribing agency: NUST
100 ## - HEADING--PERSONAL NAME
- Personal name: Muhammad Sheraz Anjum
670 ## - SOURCE DATA FOUND
- Source citation: Work cat.: (NUST)13353: Muhammad Sheraz Anjum, Automatic formulation of SQL group by and HAVING statements using the ontology driven relational query formulation framework, 2015
